| 000 | 01731nam a2200229Ia 4500 | ||
|---|---|---|---|
| 999 |
_c37634 _d37634 |
||
| 001 | 3606 | ||
| 003 | GE_BSU | ||
| 005 | 20190422154125.0 | ||
| 008 | 181216s2010|||| |||||||||||||| ||geo|| | ||
| 040 | _cGE_BSU | ||
| 041 | _ageo | ||
| 080 | _a347.918(479.223)(094.1) ა-95 | ||
| 245 |
_aაჭარის არ სავაჭრო–სამრეწველო პალატასთან არსებული საერთაშორისო არბიტრაჟი"–ს დებულება. _bსაარბიტრაჟო სამართალწარმოების ნორმატიული აქტები / _cდებულების შემდგ. პაატა კოპალეიშვილი. დებულებ. რედ. როსტომ გუნთაიშვილი. პასუხისმგ. რედ. ზვიად გაბისონია. |
||
| 264 |
_aბათუმი ; _c2010 |
||
| 300 |
_a80 გვ ; _b 20 სმ. |
||
| 653 | _aაჭარის არ სავაჭრო–სამრეწველო პალატასთან არსებული საერთაშორისო არბიტრაჟი"–ს დებულება. | ||
| 653 | _aსამართალი | ||
| 700 |
_aპაატა კოპალეიშვილი. _eდებულების შემდგენელი _9313 |
||
| 700 |
_aროსტომ გუნთაიშვილი _eდებულების რედაქტორი _9314 |
||
| 700 |
_aზვიად გაბისონია. _eპასუხისმგებელი რედაქორი _9315 |
||
| 942 |
_cBK _2udc |
||